Theatres face up to final curtain threat (Record no. 74923)

MARC details
000 -LEADER
fixed length control field 01563cab a2200229 4500
001 - CONTROL NUMBER
control field ABS68860
008 - FIXED-LENGTH DATA ELEMENTS--GENERAL INFORMATION
fixed length control field 050315n2005 000 0 eng u
035 ## - SYSTEM CONTROL NUMBER
System control number (Sirsi) u129061
100 ## - MAIN ENTRY--PERSONAL NAME
Personal name Gillman, S.
245 ## - TITLE STATEMENT
Title Theatres face up to final curtain threat
260 ## - PUBLICATION, DISTRIBUTION, ETC.
Date of publication, distribution, etc. 2005
490 ## - SERIES STATEMENT
Series statement Planning (for the Natural and Built Environment)
Volume/sequential designation (1609) 4 March 2005, 13-14(2)
520 ## - SUMMARY, ETC.
Summary, etc. Reports on the precarious position of British theatres in the face of developer pressure and unsympathetic planning policies. Outlines the work of the Theatres Trust as a statutory consultee in planning applications relating to theatre buildings. Considers the protection offered by key planning documents such as PPS12 on local development frameworks and the emerging PPS6 on town centres and also through the listing process. Change of use is as great a danger as demolition. Theatres are classified as sui generis but if they fall out of use for more than 10 years, they are open to applications for alternative uses. Concludes that the future of theatres will depend on the level of financial resources available for their upkeep but planning policy can help by sustaining sites and by taking account of the role of culture. Provides a recent history of theatres and a case study of the Mermaid Theatre in London.
590 ## - LOCAL NOTE (RLIN)
Local note ABS
650 ## - SUBJECT ADDED ENTRY--TOPICAL TERM
Topical term or geographic name entry element THEATRES
650 ## - SUBJECT ADDED ENTRY--TOPICAL TERM
Topical term or geographic name entry element PLANNING POLICY STATEMENT 6
650 ## - SUBJECT ADDED ENTRY--TOPICAL TERM
Topical term or geographic name entry element LONDON
650 ## - SUBJECT ADDED ENTRY--TOPICAL TERM
Topical term or geographic name entry element PLANNING POLICY
650 ## - SUBJECT ADDED ENTRY--TOPICAL TERM
Topical term or geographic name entry element SUI GENERIS
690 ## - LOCAL SUBJECT ADDED ENTRY--TOPICAL TERM (OCLC, RLIN)
Topical term or geographic name as entry element ENVIRONMENTAL AND LAND CONSULTANCY-PLANNING AND DEVELOPMENT
942 ## - ADDED ENTRY ELEMENTS (KOHA)
Suppress in OPAC 0
Holdings
Withdrawn status Lost status Source of classification or shelving scheme Damaged status Not for loan Home library Current library Shelving location Date acquired Total Checkouts Full call number Barcode Date last seen Copy number Price effective from Koha item type
    Dewey Decimal Classification     London London Journal article 15/03/2005   ABS68860 129061-1001 06/08/2019 1 06/08/2019 Journal article